ბათუმის შოთა რუსთაველის სახელმწიფო უნივერსიტეტის ბიბლიოთეკა

Промышленные печи хлебопекарного производства. (ბიბ.ჩანაწერი № 42611)

000 -LEADER
fixed length control field 00776nam a2200217Ia 4500
001 - CONTROL NUMBER
control field 9314
003 - CONTROL NUMBER IDENTIFIER
control field GE_BSU
008 - FIXED-LENGTH DATA ELEMENTS--GENERAL INFORMATION
fixed length control field 181216s||||||||xx |||||||||||||| ||und||
040 ## - CATALOGING SOURCE
Transcribing agency GE_BSU
080 ## - UNIVERSAL DECIMAL CLASSIFICATION NUMBER
Universal Decimal Classification number 664.66(075.8)
100 ## - MAIN ENTRY--PERSONAL NAME
Personal name Маклюков,И.И. Шумаев,Ф.Г.
245 ## - TITLE STATEMENT
Title Промышленные печи хлебопекарного производства.
245 ## - TITLE STATEMENT
Remainder of title Учебник.
250 ## - EDITION STATEMENT
Edition statement Изд. третье, перер. и дополненное.
260 ## - PUBLICATION, DISTRIBUTION, ETC.
Place of publication, distribution, etc. М.
260 ## - PUBLICATION, DISTRIBUTION, ETC.
Name of publisher, distributor, etc. Пищевая промышленность.
260 ## - PUBLICATION, DISTRIBUTION, ETC.
Date of publication, distribution, etc. 1971.
300 ## - PHYSICAL DESCRIPTION
Extent 391 стр. с илл. 22 см. Библиогр.стр.385.
653 ## - INDEX TERM--UNCONTROLLED
Uncontrolled term Промышленные печи хлебопекарного производства.
942 ## - ADDED ENTRY ELEMENTS (KOHA)
Koha item type წიგნი
ეგზემპლარები
Withdrawn status Lost status Damaged status Not for loan Date acquired Barcode Date last seen Price effective from Koha item type
        2018-12-17 12290 2018-12-17 2018-12-17 წიგნი